00776nam a22002177a 450000500170000001000150001702000270003203500140005903700130007308200100008610000180009624500940011426000560020827000700026430000200033450000190035470000180037394200240039199900190041595201240043420171219151528.0 aENG-121920 a9789383982493c1000.00 aEN-105452 bDBAD/PUB a658.8 aJenkins,David aMarketing management ;btargetitis-the current orignisational disease /cby David Jenkins aNew DelhibVangiri press on behalf of Indianac2017 a102,43273,Satyam house,Ansari road, Darya GanjbNew Delhie110002 a199p.c23cm(Hb) aIncludes index aJenkins,David 2ddccENh658.8mJEN c148078d148078 001040718NFICaDBADbBNd2017-12-19eDBAD/PUBg1000.00l0o658.8 JENpEN-105452r2017-12-19 00:00:00t1v1000.00yEN